000 00707nam a2200277Ia 4500
005 20260324134706.0
008 008 260324s9999 xx 000 0 eng d
020 _a9781315199078
037 _aEBOOK
040 _aCRL
040 _beng
040 _cCRL
041 _2eng
041 _aeng
084 _qCRL
100 _aJoaquim J.M. Guilhoto; Geoffrey J.D. Hewings
_91197786
245 0 _aRevival: Structure and Structural Change in the Brazilian Economy (2001)
260 _bTaylor and Francis
260 _c2001
365 _a
365 _b89.99
856 _uhttp://www.taylorfrancis.com/books/9781315199078
942 _cEBOOK
999 _c1798124
_d1798124